| 000 -LEADER |
| fixed length control field |
00764cam a2200205 i 4500 |
| 005 - DATE AND TIME OF LATEST TRANSACTION |
| control field |
20220322174259.0 |
| 006 - FIXED-LENGTH DATA ELEMENTS--ADDITIONAL MATERIAL CHARACTERISTICS--GENERAL INFORMATION |
| fixed length control field |
m |o d | |
| 008 - FIXED-LENGTH DATA ELEMENTS--GENERAL INFORMATION |
| fixed length control field |
190122s2020 enka ob 001 0 eng |
| 020 ## - INTERNATIONAL STANDARD BOOK NUMBER |
| Cancelled/invalid ISBN |
9781138575257 |
| Qualifying information |
pb : alk. paper |
| 050 00 - LIBRARY OF CONGRESS CALL NUMBER |
| Classification number |
NA1995 |
| 082 00 - DEWEY DECIMAL CLASSIFICATION NUMBER |
| Classification number |
720.1 |
| Edition number |
23 |
| 100 1# - MAIN ENTRY--PERSONAL NAME |
| Personal name |
Armstrong, Rachel, |
| Dates associated with a name |
1966- |
| Relator term |
author. |
| 245 10 - TITLE STATEMENT |
| Title |
Experimental architecture : |
| Remainder of title |
designing the unknown / |
| Statement of responsibility, etc |
Rachel Armstrong. |
| 300 ## - PHYSICAL DESCRIPTION |
| Extent |
1 online resource |
| 504 ## - BIBLIOGRAPHY, ETC. NOTE |
| Bibliography, etc |
Includes bibliographical references (pages 187-196) and index. |
| 650 #0 - SUBJECT ADDED ENTRY--TOPICAL TERM |
| Topical term or geographic name as entry element |
Architectural practice. |
| 650 #0 - SUBJECT ADDED ENTRY--TOPICAL TERM |
| Topical term or geographic name as entry element |
Architecture |
| General subdivision |
Research. |
| 776 08 - ADDITIONAL PHYSICAL FORM ENTRY |
| Display text |
Print version: |
| Title |
Experimental architecture |
| Place, publisher, and date of publication |
London ; New York : Routledge, 2020. |
| International Standard Book Number |
9781138575240 (hb : alk. paper) |
| Record control number |
(DLC) 2019002655 |
| 942 ## - ADDED ENTRY ELEMENTS (KOHA) |
| Source of classification or shelving scheme |
|